| 000 | 00509nam a2200217Ia 4500 | ||
|---|---|---|---|
| 003 | OSt | ||
| 005 | 20231003193136.0 | ||
| 008 | 210310s9999 xx 000 0 und d | ||
| 020 | _a#N/A | ||
| 040 |
_aCO-JMCR _cCO-JMCR |
||
| 082 |
_a346.07 / _bM183p |
||
| 100 |
_aMadriñán de la Torre, Ramón E. _933015 |
||
| 245 | 0 | _aPrincipios de Derecho Comercial | |
| 260 | _c1986 | ||
| 300 | _b#N/A | ||
| 440 |
_a#N/A _933016 |
||
| 500 | _a#N/A | ||
| 505 | _a#N/A | ||
| 650 |
_a#N/A _933017 |
||
| 942 |
_2ddc _cBK |
||
| 999 |
_c14210 _d14210 |
||